000 01664nam a2200493 i 4500
001 10232
003 KOSZ 005
005 20191010083306.0
008 971113s1987 pl a f f |000 0 pol
015 _aPB 1988/5975
035 _a991003146529705066
035 _a(PL-WaBN)b10847820-48omnis_nlop
035 _ab10847820
035 _a(OCoLC)749181035
035 _a(PL)b0000001084782
035 _a(EXLNZ-48OMNIS_NETWORK)9910279794305606
040 _aWA N
_cWA N
_dKOSZ 005/HR
046 _k1987
080 _a621.56/.59
080 _a628.8
080 _a(075.8)
100 1 _aZakrzewski, Bogusław
_d(1946- ).
_eAutor
245 1 0 _aObliczenia obiegów chłodniczych i klimatyzacyjnych /
_cBogusław Zakrzewski ; Politechnika Szczecińska. Instytut Okrętowy.
260 _aSzczecin :
_bWydaw. Uczelniane PS,
_c1987.
300 _a182 s., [9] k. tabl. :
_brys., wykr. ;
_c24 cm.
336 _2rdacontent
_aTekst
_btxt
337 _2rdamedia
_aBez urządzenia pośredniczącego
_bn
338 _2rdacarrier
_aWolumin
_bnc
380 _aKsiążki
385 _mPoziom nauczania
_aSzkoły wyższe
388 _a1901-2000
388 _a1945-1989
504 _aBibliogr. s. 175-182.
650 7 _aChłodnictwo
_2DBN
650 7 _aUrządzenia klimatyzacyjne
655 7 _aPodręczniki akademickie
_2DBN
658 _aInżynieria i technika
650 7 _aProjektowanie
650 7 _aUrządzenia chłodnicze
650 7 _aKlimatyzacja
856 _uhttp://koha.tu.koszalin.pl/cgi-bin/koha/opac-detail.pl?biblionumber=10232
_yKatalog online BPK
942 _2UKD
_cKS
999 _c10232
_d10232